000
00198 a2200097 4500
001
9219
100
_a
Wheare, K.C.
245
_a
Modern constitutions
260
_a
_b
Oxford
_c
090
_c
7389
_d
7389
942
_a
NUST-CAE
_c
M
_c
34032
999
_c
244292
_d
244292